Potential of Khadi in generating mass scale sustainable employment with equity and environmental stability (Record no. 490919)

000 -LEADER
fixed length control field 00479cam a22001337a 4500
008 - FIXED-LENGTH DATA ELEMENTS--GENERAL INFORMATION
fixed length control field 180718b2001 xxu||||| |||| 00| 0 eng d
082 ## - DEWEY DECIMAL CLASSIFICATION NUMBER
Classification number APPPA 2000-01 DIL/13
100 ## - MAIN ENTRY--PERSONAL NAME
Personal name Dilip Singh
245 ## - TITLE STATEMENT
Title Potential of Khadi in generating mass scale sustainable employment with equity and environmental stability
Statement of responsibility, etc. by Dilip Singh
260 ## - PUBLICATION, DISTRIBUTION, ETC.
Place of publication, distribution, etc. New Delhi
Name of publisher, distributor, etc. Indian Institute of Public Administration
Date of publication, distribution, etc. 2001
300 ## - PHYSICAL DESCRIPTION
Extent 79p.
650 ## - SUBJECT ADDED ENTRY--TOPICAL TERM
Topical term or geographic name entry element Manpower policy - India
650 ## - SUBJECT ADDED ENTRY--TOPICAL TERM
Topical term or geographic name entry element Khadi - India
Holdings
Withdrawn status Lost status Damaged status Not for loan Permanent Location Current Location Date acquired Full call number Barcode Date last seen Price effective from Koha item type
        Indian Institute of Public Administration Indian Institute of Public Administration 2018-08-04 APPPA 2000-01 DIL/13 GR15484 2018-08-04 2018-08-04 GR

Powered by Koha